West African Economic and Monetary Union : Financial Sector Assessment Program-Financial System Stability Assessment.

The Financial Sector Assessment Program (FSAP) was conducted amid an economic rebound two years into the COVID-19 pandemic that had a limited impact on the financial sector. Several member states have experienced political instability, with coups in Burkina Faso and Mali leading to economic sanction...

সম্পূর্ণ বিবরণ

গ্রন্থ-পঞ্জীর বিবরন
সংস্থা লেখক: International Monetary Fund. Monetary and Capital Markets Department
বিন্যাস: পত্রিকা
ভাষা:English
প্রকাশিত: Washington, D.C. : International Monetary Fund, 2022.
মালা:IMF Staff Country Reports; Country Report ; No. 2022/136
বিষয়গুলি:
অনলাইন ব্যবহার করুন:Full text available on IMF
LEADER 01832cas a2200289 a 4500
001 AALejournalIMF022692
008 230101c9999 xx r poo 0 0eng d
020 |c 20.00 USD 
020 |z 9798400207976 
022 |a 1934-7685 
040 |a BD-DhAAL  |c BD-DhAAL 
110 2 |a International Monetary Fund. Monetary and Capital Markets Department. 
245 1 0 |a West African Economic and Monetary Union :   |b Financial Sector Assessment Program-Financial System Stability Assessment. 
264 1 |a Washington, D.C. :  |b International Monetary Fund,  |c 2022. 
300 |a 1 online resource (49 pages) 
490 1 |a IMF Staff Country Reports 
500 |a <strong>Off-Campus Access:</strong> No User ID or Password Required 
500 |a <strong>On-Campus Access:</strong> No User ID or Password Required 
506 |a Electronic access restricted to authorized BRAC University faculty, staff and students 
520 3 |a The Financial Sector Assessment Program (FSAP) was conducted amid an economic rebound two years into the COVID-19 pandemic that had a limited impact on the financial sector. Several member states have experienced political instability, with coups in Burkina Faso and Mali leading to economic sanctions for the latter, and an attempted coup in Guinea-Bissau. Yet, short of further political deterioration, economic recovery is expected to persist. The last FSAP was conducted in 2008. 
538 |a Mode of access: Internet 
650 7 |a General Financial Markets  |2 imf 
650 7 |a International Agreements and Observance  |2 imf 
650 7 |a International Organizations  |2 imf 
650 7 |a Monetary Policy  |2 imf 
830 0 |a IMF Staff Country Reports; Country Report ;  |v No. 2022/136 
856 4 0 |z Full text available on IMF  |u https://elibrary.imf.org/openurl?genre=journal&issn=1934-7685&volume=2022&issue=136  |z IMF e-Library